[Event "GER-ch Net blitz qual4"]
[Site "Playchess.com INT"]
[Date "2021.05.10"]
[Round "2"]
[White "Miwisch, Dave"]
[Black "Radgen, Samuel"]
[Result "1-0"]
[WhiteElo "1774"]
[BlackElo "1497"]
[PlyCount "48"]
[EventDate "2021.05.10"]
[EventType "swiss (blitz)"]
[EventRounds "11"]
[EventCountry "GER"]
[SourceTitle "CBM 202 Extra"]
[Source "ChessBase"]
[SourceDate "2021.07.31"]
[SourceVersion "1"]
[SourceVersionDate "2021.07.31"]
[SourceQuality "1"]

1. e4 c5 2. Nf3 Nc6 3. d4 cxd4 4. Nxd4 e5 5. Nb5 d6 6. c4 Nge7 7. Nxd6+ Kd7 8. Nxf7+ Kc7 9. Nxd8 Nxd8 10. Be2 b6 11. 0-0 Bb7 12. Nc3 Ndc6 13. Nd5+ Nxd5 14. cxd5 Nd4 15. Be3 Bc5 16. Rc1 Kd6 17. a3 Nxe2+ 18. Qxe2 Bxe3 19. fxe3 Rhf8 20. Rxf8 Rxf8 21. Rf1 Rc8 22. Qg4 Rc7 23. Qe6+ Kc5 24. Rc1+ Kb5 1-0

[Event "GER-ch Net blitz qual4"]
[Site "Playchess.com INT"]
[Date "2021.05.10"]
[Round "10"]
[White "Radgen, Samuel"]
[Black "Kirschfink, Bernd"]
[Result "1-0"]
[WhiteElo "1497"]
[BlackElo "1379"]
[PlyCount "55"]
[EventDate "2021.05.10"]
[EventType "swiss (blitz)"]
[EventRounds "11"]
[EventCountry "GER"]
[SourceTitle "CBM 202 Extra"]
[Source "ChessBase"]
[SourceDate "2021.07.31"]
[SourceVersion "1"]
[SourceVersionDate "2021.07.31"]
[SourceQuality "1"]

1. e4 c5 2. Nc3 Nc6 3. f4 d6 4. Bc4 e6 5. Nf3 Nf6 6. d3 Be7 7. 0-0 0-0 8. Qe1 a6 9. a3 b5 10. Ba2 Bb7 11. e5 dxe5 12. fxe5 Nd5 13. Nxd5 Qxd5 14. Bxd5 exd5 15. Bg5 Bxg5 16. Nxg5 Ne7 17. e6 f6 18. Nf3 d4 19. Qg3 Rfe8 20. Rae1 Nd5 21. Nh4 Ne3 22. Rf2 Rxe6 23. Rfe2 Rae8 24. Qc7 R8e7 25. Qxc5 Rc6 26. Qxd4 Nxc2 27. Qd8+ Kf7 28. Rxe7# 1-0

[Event "GER-ch Net blitz qual4"]
[Site "Playchess.com INT"]
[Date "2021.05.10"]
[Round "1"]
[White "Radgen, Samuel"]
[Black "Lerch, Martin"]
[Result "0-1"]
[WhiteElo "1497"]
[BlackElo "1909"]
[PlyCount "92"]
[EventDate "2021.05.10"]
[EventType "swiss (blitz)"]
[EventRounds "11"]
[EventCountry "GER"]
[SourceTitle "CBM 202 Extra"]
[Source "ChessBase"]
[SourceDate "2021.07.31"]
[SourceVersion "1"]
[SourceVersionDate "2021.07.31"]
[SourceQuality "1"]

1. e4 e6 2. d4 d5 3. e5 c5 4. Nf3 cxd4 5. Bd3 Nc6 6. 0-0 f6 7. exf6 Nxf6 8. Bg5 Bd6 9. c3 dxc3 10. Nxc3 0-0 11. Re1 a6 12. Bh4 Qe8 13. Bxf6 Rxf6 14. Nxd5 Rh6 15. Qb3 Qh5 16. h3 exd5 17. Qxd5+ Qxd5 18. Re8+ Kf7 19. Re3 Re6 20. Rc1 Bf4 21. Rxe6 Bxc1 22. Re1 Bxb2 23. Bxh7 Bxh3 24. Be4 Qxa2 25. Ng5+ Kg8 26. Nxh3 Bf6 27. Rd1 Rd8 28. Re1 Qd2 29. Kf1 Qxe1+ 30. Kxe1 a5 31. Nf4 Bc3+ 32. Ke2 Re8 33. Kd3 Rxe4 34. Kxe4 a4 35. Kd3 Be5 36. Nd5 a3 37. Nc3 Bxc3 38. Kxc3 b5 39. Kb3 b4 40. g4 Nd4+ 41. Ka2 Kf7 42. f4 Ke6 43. f5+ Kf6 44. Kb1 Nxf5 45. gxf5 Kxf5 46. Ka2 g5 0-1

[Event "GER-ch Net blitz qual4"]
[Site "Playchess.com INT"]
[Date "2021.05.10"]
[Round "11"]
[White "Werner, Rene"]
[Black "Radgen, Samuel"]
[Result "1-0"]
[WhiteElo "1708"]
[BlackElo "1497"]
[PlyCount "125"]
[EventDate "2021.05.10"]
[EventType "swiss (blitz)"]
[EventRounds "11"]
[EventCountry "GER"]
[SourceTitle "CBM 202 Extra"]
[Source "ChessBase"]
[SourceDate "2021.07.31"]
[SourceVersion "1"]
[SourceVersionDate "2021.07.31"]
[SourceQuality "1"]

1. c4 c5 2. g3 Nf6 3. Bg2 Nc6 4. Nf3 e6 5. 0-0 d5 6. cxd5 exd5 7. Nc3 Be7 8. d3 0-0 9. Bd2 h6 10. a3 a6 11. Rc1 Qb6 12. Na4 Qa7 13. Qb3 b5 14. Nc3 c4 15. dxc4 dxc4 16. Qc2 Bb7 17. Be3 Bc5 18. Bxc5 Qxc5 19. Ne4 Nxe4 20. Qxe4 Rfe8 21. Qc2 Rad8 22. b3 Nd4 23. Nxd4 Bxg2 24. Kxg2 Rxd4 25. e3 Qd5+ 26. Kg1 cxb3 27. Qc6 Qxc6 28. Rxc6 Ra4 29. Ra1 Rd8 30. Rc3 b4 31. Rxb3 Rxa3 32. Rbxa3 bxa3 33. Rxa3 Ra8 34. Kf1 Kf8 35. Ke2 Ke7 36. Kd3 Kd6 37. Kc4 Kc6 38. Kb4 Kd5 39. f3 a5+ 40. Rxa5+ Rxa5 41. Kxa5 Kc4 42. e4 Kd3 43. e5 Kd4 44. f4 Ke4 45. Kb4 Kf3 46. Kc5 Kg2 47. g4 Kxh2 48. f5 Kg3 49. e6 fxe6 50. fxe6 Kxg4 51. e7 h5 52. e8Q h4 53. Qg6+ Kh3 54. Qxg7 Kh2 55. Qg4 h3 56. Kd4 Kh1 57. Qxh3+ Kg1 58. Qe3+ Kg2 59. Kd3 Kf1 60. Qe2+ Kg1 61. Ke3 Kh1 62. Kf3 Kg1 63. Qg2# 1-0

[Event "GER-ch Net blitz qual2"]
[Site "Playchess.com INT"]
[Date "2021.05.04"]
[Round "6"]
[White "Erler, Rainer"]
[Black "Radgen, Samuel"]
[Result "1-0"]
[WhiteElo "1729"]
[BlackElo "1498"]
[PlyCount "73"]
[EventDate "2021.05.04"]
[EventType "swiss (blitz)"]
[EventRounds "11"]
[EventCountry "GER"]
[SourceTitle "CBM 202 Extra"]
[Source "ChessBase"]
[SourceDate "2021.07.31"]
[SourceVersion "1"]
[SourceVersionDate "2021.07.31"]
[SourceQuality "1"]

1. e4 c5 2. Nc3 Nc6 3. g3 d6 4. Bg2 Nf6 5. Nh3 Bg4 6. f3 Bd7 7. d3 g6 8. f4 Bg4 9. Qd2 Bh6 10. Nf2 e5 11. h3 Bd7 12. Qe2 exf4 13. Bxf4 Bxf4 14. gxf4 0-0 15. 0-0-0 Nd4 16. Qe3 Qb6 17. e5 dxe5 18. fxe5 Rfe8 19. Qg5 a5 20. Qxf6 Qxf6 21. exf6 Ne2+ 22. Nxe2 Rxe2 23. Rd2 Rae8 24. Kd1 Rxd2+ 25. Kxd2 b5 26. Re1 Rd8 27. Re7 Be6 28. Ne4 Bxa2 29. Nxc5 Be6 30. Nxe6 fxe6 31. Rxe6 Kf7 32. Rb6 b4 33. Ra6 Rd4 34. c3 bxc3+ 35. bxc3 Ra4 36. Bd5+ Kf8 37. Ra8# 1-0

[Event "GER-ch Net blitz qual2"]
[Site "Playchess.com INT"]
[Date "2021.05.04"]
[Round "5"]
[White "Radgen, Samuel"]
[Black "Buss, Alexander"]
[Result "1-0"]
[WhiteElo "1498"]
[BlackElo "1643"]
[PlyCount "103"]
[EventDate "2021.05.04"]
[EventType "swiss (blitz)"]
[EventRounds "11"]
[EventCountry "GER"]
[SourceTitle "CBM 202 Extra"]
[Source "ChessBase"]
[SourceDate "2021.07.31"]
[SourceVersion "1"]
[SourceVersionDate "2021.07.31"]
[SourceQuality "1"]

1. e4 c5 2. Nc3 Nc6 3. f4 e6 4. Bc4 a6 5. d3 b5 6. Bb3 Bb7 7. Nf3 Be7 8. 0-0 Na5 9. Qe1 Nxb3 10. axb3 Nf6 11. Nh4 Nxe4 12. Nxe4 Bxh4 13. Nd6+ Kf8 14. g3 Be7 15. Nxb7 Qc7 16. Na5 b4 17. Nc4 d5 18. Ne5 Bf6 19. Qf2 Ke7 20. Re1 h5 21. c4 d4 22. Qg2 Rhc8 23. Bd2 a5 24. Re2 g6 25. Rae1 a4 26. bxa4 Rxa4 27. Nxg6+ fxg6 28. Rxe6+ Kf7 29. Qd5 Kg7 30. f5 Rf8 31. fxg6 Kxg6 32. Rf1 Raa8 33. Qf5+ Kg7 34. Rxf6 Rxf6 35. Qxf6+ Kg8 36. Bf4 Qg7 37. Qxg7+ Kxg7 38. Bd6 Ra2 39. Rf2 Rxb2 40. Rxb2 Kg6 41. Bxc5 Kf5 42. Bxd4 Kg4 43. Bc5 Kf3 44. Bxb4 Kg4 45. Be7 h4 46. Bxh4 Kf5 47. Rb5+ Kg4 48. c5 Kf3 49. c6 Ke2 50. c7 Kxd3 51. c8Q Ke4 52. Qe6+ 1-0

[Event "GER-ch Net blitz qual1"]
[Site "Playchess.com INT"]
[Date "2021.04.24"]
[Round "9"]
[White "Radgen, Samuel"]
[Black "Neusuess, Willi"]
[Result "1-0"]
[WhiteElo "1459"]
[BlackElo "1672"]
[PlyCount "71"]
[EventDate "2021.04.24"]
[EventType "swiss (blitz)"]
[EventRounds "11"]
[EventCountry "GER"]
[SourceTitle "CBM 202 Extra"]
[Source "ChessBase"]
[SourceDate "2021.07.31"]
[SourceVersion "1"]
[SourceVersionDate "2021.07.31"]
[SourceQuality "1"]

1. e4 g6 2. d4 Bg7 3. c4 e6 4. Nf3 Ne7 5. Nc3 a6 6. Be3 f6 7. Qd2 0-0 8. Bh6 d6 9. Bd3 Nd7 10. 0-0-0 Rf7 11. Bxg7 Kxg7 12. h4 e5 13. d5 c6 14. g4 cxd5 15. exd5 Ng8 16. g5 f5 17. Bc2 e4 18. Nd4 Ne5 19. h5 Bd7 20. hxg6 Nxg6 21. Rh6 Qe7 22. Rdh1 Kf8 23. R6h3 Rg7 24. f3 Qe5 25. fxe4 fxe4 26. Rf1+ Rf7 27. Rxf7+ Kxf7 28. Rxh7+ Kf8 29. Rxd7 Qe8 30. Ne6+ Qxe6 31. dxe6 Ke8 32. Nxe4 N6e7 33. Nf6+ Nxf6 34. gxf6 Nc6 35. Bg6+ Kf8 36. Qh6+ 1-0

[Event "GER-ch Net blitz qual1"]
[Site "Playchess.com INT"]
[Date "2021.04.24"]
[Round "1"]
[White "Radgen, Samuel"]
[Black "Noack, Thomas"]
[Result "0-1"]
[WhiteElo "1459"]
[BlackElo "1783"]
[PlyCount "58"]
[EventDate "2021.04.24"]
[EventType "swiss (blitz)"]
[EventRounds "11"]
[EventCountry "GER"]
[SourceTitle "CBM 202 Extra"]
[Source "ChessBase"]
[SourceDate "2021.07.31"]
[SourceVersion "1"]
[SourceVersionDate "2021.07.31"]
[SourceQuality "1"]

1. e4 e5 2. Nf3 Nc6 3. Bb5 f5 4. exf5 e4 5. Qe2 Qe7 6. Ng1 Nf6 7. d3 exd3 8. Qxe7+ Bxe7 9. Bxd3 d5 10. Nf3 0-0 11. 0-0 Ne4 12. Re1 Bxf5 13. Bf4 Bc5 14. Re2 Bg4 15. Nbd2 Nxd2 16. Rxd2 Rxf4 17. Rad1 Bxf3 18. gxf3 Rxf3 19. Bb5 Raf8 20. Rf1 Nd4 21. Bd3 c6 22. c3 Ne6 23. b4 Bb6 24. a4 Ng5 25. a5 Bc7 26. Kh1 Nh3 27. c4 Rxf2 28. Rfxf2 Rxf2 29. Rxf2 Nxf2+ 0-1